Chargement en cours…

The Dramatic Works of Álvaro Cubillo de Aragón /

This excellent introductory study offers entry to the life, reputation and works of Alvaro Cubillo de Aragon (1596-1661). By dividing her study by genre, Dr. Shirley B. Whitaker codifies the universals uniting the work of this prolific playwright, from his mythological plays, to his histories, to hi...

Description complète

Détails bibliographiques
Auteur principal: Whitaker, Shirley B.
Format: Électronique eBook
Langue:Inglés
Publié: Chapel Hill : U.N.C. Dept. of Romance Languages, 1975.
Collection:Book collections on Project MUSE.
Sujets:
Accès en ligne:Texto completo

MARC

LEADER 00000cam a22000004a 4500
001 musev2_60486
003 MdBmJHUP
005 20230905050220.0
006 m o d
007 cr||||||||nn|n
008 100625s1975 ncu o 00 0 eng d
020 |a 9781469647425 
020 |z 9780807891490 
035 |a (OCoLC)1080549503 
040 |a MdBmJHUP  |c MdBmJHUP 
100 1 |a Whitaker, Shirley B. 
245 1 4 |a The Dramatic Works of Álvaro Cubillo de Aragón /   |c by Shirley B. Whitaker. 
264 1 |a Chapel Hill :  |b U.N.C. Dept. of Romance Languages,  |c 1975. 
264 3 |a Baltimore, Md. :  |b Project MUSE,   |c 2019 
264 4 |c ©1975. 
300 |a 1 online resource (176 pages). 
336 |a text  |b txt  |2 rdacontent 
337 |a computer  |b c  |2 rdamedia 
338 |a online resource  |b cr  |2 rdacarrier 
490 0 |a North Carolina studies in the Romance languages and literatures ;  |v no. 149 
520 |a This excellent introductory study offers entry to the life, reputation and works of Alvaro Cubillo de Aragon (1596-1661). By dividing her study by genre, Dr. Shirley B. Whitaker codifies the universals uniting the work of this prolific playwright, from his mythological plays, to his histories, to his religious works, to the Comedias de costumbres for which he is best known. 
588 |a Description based on print version record. 
600 1 7 |a Cubillo de Aragón, Álvaro,  |d 1590-1661  |2 fast  |0 (OCoLC)fst01814482 
600 1 1 |a Cubillo de Aragón, Alvaro,  |d -1661  |x Criticism and interpretation. 
600 1 0 |a Cubillo de Aragón, Álvaro,  |d 1590-1661  |x Criticism and interpretation. 
650 7 |a DRAMA  |x Continental European.  |2 bisacsh 
655 7 |a Criticism, interpretation, etc.  |2 fast  |0 (OCoLC)fst01411635 
655 7 |a Electronic books.   |2 local 
710 2 |a Project Muse.  |e distributor 
830 0 |a Book collections on Project MUSE. 
856 4 0 |z Texto completo  |u https://projectmuse.uam.elogim.com/book/60486/ 
945 |a Project MUSE - Custom Collection 
945 |a Project MUSE - Archive Complete Supplement VII 
945 |a Project MUSE - Archive Literature Supplement VII